000 00304nam a2200109Ia 4500
008 220204s9999 xx 000 0 und d
082 _a030=214.21=111
_bNAR
100 _aNarayan Datt Paliwal
245 0 _aRajbaksha Hindi-English dictionary
260 _aNew Delhi
_bTakshasila Prakasan
_c1991
942 _cBK
999 _c43917
_d43917